000 01165nam a2200301 i 4500
001 193648
003 ES-MaACL
005 20250826063152.0
007 ta
008 240201s1934 sp | |||| 000 spa
040 _aEs-MaACL
100 1 _aPérez Bojart, José
_eaut
_990671
245 1 3 _aEl tesoro del Ateneo y sus guardadores /
_cJosé Pérez Bojart
264 1 _a[Madrid] :
_bAhora,
_c[1934]
300 _a1 página :
_b3 ilustraciones ;
_c42 cm
336 _aTexto
_2rdacontent
337 _asin mediación
_2rdamedia
338 _avolumen
_2rdacarrier
500 _aFotocopia del artículo de José Pérez Bojart sobre la Biblioteca del Ateneo de Madrid, publicado en "Ahora", 6 de diciembre de 1934, p. 11
530 _aDisponible en formato digital
610 2 4 _aAteneo de Madrid.
_bBiblioteca
_91951
655 4 _aArtículos
_9175745
852 4 _aES-MaACL
_cDEPOF
_j2347-F-23
_9201158
856 _uhttps://hemerotecadigital.bne.es/hd/es/viewer?id=a1212c0d-63b6-48eb-8fa8-7505319c1440&page=11
_yVersión en línea
_z(Hemeroteca Digital)
942 _2udc
_cART_PRENSA
_n0
999 _c193648
_d193648